Temi e tecniche della legislazione tardoimperiale

Saved in:
书目详细资料
主要作者: Bianchini, Mariagrazia
格式: 图书
语言:意大利语
出版: Turín G. Giappichelli 2008
主题:
标签: 添加标签
没有标签, 成为第一个标记此记录!

MARC

LEADER 00000nam a2200000 a 4500
001 UCH9327
003 CL-VaPUC
005 20211221074244.0
008 091231e20080000IT |||||||||||||||||ita|d
999 |c 339316  |d 339314 
020 |a 9788834886601 
040 |c Pontificia Universidad Católica de Valparaíso 
082 0 4 |a 340.54 BIA 2008  |2 21 
100 0 |a Bianchini, Mariagrazia  |9 546301 
245 1 0 |a Temi e tecniche della legislazione tardoimperiale 
260 |a Turín  |b G. Giappichelli  |c 2008 
300 |a 535 páginas 
583 |a last modification  |c 20091231 00:00:00  |k Rodrigo Vera 
650 0 |a Derecho romano  |9 255930 
650 0 |a Historia del derecho  |9 255109 
650 7 |a LEGISLACION  |2 CL-VaPUC  |9 546302 
650 7 |a PERSONA Y FAMILIA  |2 CL-VaPUC  |9 546303 
651 0 |a Italia  |9 254949 
942 |c BK  |2 ddc 
945 |d 20091231 00:00:00  |a dcastane 
952 |0 0  |1 0  |4 0  |6 340_540000000000000_BIA_2008  |7 0  |8 DER_ROM  |9 432894  |a BIBDER  |b BIBDER  |d 2019-11-22  |i 4631080  |l 1  |o 340.54 BIA 2008  |p 4631080  |r 2023-01-25  |s 2020-03-17  |w 2019-11-22  |x Ubicación 4to piso  |y BK  |z Este recurso debe solicitarse con anticipación  |k DER